000 00975nam a2200289 i 4500
003 DO-SdBNP
005 20260216093534.0
007 ta
008 260216b2023 dr ||||| |||| 00| 0 spa d
020 _a9789945935332
040 _aDO-SdBNP
_bspa
_cBNPHU
_erda
041 _aspa
082 4 _axxx
_bR696p
_222
100 _aRodríguez Ramírez, Nicolás,
_eautor
_4aut.
_911163
245 1 0 _aPoemario :
_bdesenfreno, patria y lodo /
_cNicolás Rodríguez Ramírez ; cuidado de edición, Luis R. Cunillera M.
250 _aprimera edición
264 1 _aSanto Domingo :
_b Editorial Luz de Luna,
_c2023.
300 _a104 páginas ;
_c21 cm.
336 _atexto
_btxt
_2rdacontent
337 _asin mediación
_bn
_2rdamedia
338 _avolumen
_bnc
_2rdacarrier
500 _aIncluye datos biográficos del autor en las solapas
590 _aInventariado, 2026/BT
700 _aCunillera M., Luis R.,
_eeditor
_4ed.
_943351
910 _aBtavárez
942 _2ddc
_cLBS1
999 _c60322
_d60322